| 000 | 005500000a22001810004500 | ||
|---|---|---|---|
| 003 | MACL | ||
| 005 | 20160413154143.0 | ||
| 008 | 160413b xxu||||| |||| 00| 0 eng d | ||
| 040 |
_aMACL _cMACL |
||
| 041 | _aHindi | ||
| 082 | _a550 | ||
| 100 |
_aगुप्ता आचार्य मिथिलेश _952248 |
||
| 245 | _aसामुद्रिक शास्त्र | ||
| 260 |
_bबुक नेटवर्क _c2005 _aनई दिल्ली |
||
| 350 | _a150 | ||
| 650 |
_aAstronomy _952249 |
||
| 942 |
_cHIN _k550 _2ddc |
||
| 999 |
_c11869 _d11869 |
||